MARC details
| 000 -CABECERA |
| campo de control de longitud fija |
02903caa a22004577a 4500 |
| 001 - NÚMERO DE CONTROL |
| campo de control |
991061739578606706 |
| 003 - IDENTIFICADOR DEL NÚMERO DE CONTROL |
| campo de control |
ES-BaIT |
| 005 - FECHA Y HORA DE LA ÚLTIMA TRANSACCIÓN |
| campo de control |
20260331125637.0 |
| 008 - DATOS DE LONGITUD FIJA--INFORMACIÓN GENERAL |
| campo de control de longitud fija |
260331s1765 sp 000 d spa c |
| 040 ## - FUENTE DE LA CATALOGACIÓN |
| Centro catalogador/agencia de origen |
ES-BaIT |
| Lengua de catalogación |
cat |
| Normas de descripción |
rda |
| Centro/agencia transcriptor |
ES-BaIT |
| 080 ## - NÚMERO DE LA CLASIFICACIÓN DECIMAL UNIVERSAL |
| Número de la Clasificación Decimal Universal |
860-2"17" |
| 100 0# - ENTRADA PRINCIPAL--NOMBRE DE PERSONA |
| Nombre de persona |
Nifo y Cagigal, Francisco Mariano, |
| Fechas asociadas al nombre |
1719-1803 |
| Término indicativo de función/relación |
autor |
| 9 (RLIN) |
18193 |
| 240 1# - TÍTULO UNIFORME |
| Título uniforme |
Juicio de la mujer hace al marido discreto |
| 9 (RLIN) |
169198 |
| 245 10 - MENCIÓN DE TÍTULO |
| Título |
Comedia graciosa en un acto. El juicio de la muger hace al marido discreto / |
| Mención de responsabilidad, etc. |
por don Francisco Mariano Nipho |
| 246 30 - FORMA VARIANTE DE TÍTULO |
| Título propio/Titulo breve |
Juicio de la muger hace al marido discreto |
| 264 #1 - PRODUCCIÓN, PUBLICACIÓN, DISTRIBUCIÓN, FABRICACIÓN Y COPYRIGHT |
| Producción, publicación, distribución, fabricación y copyright |
[Lloc de publicació no identificat] : |
| Nombre del de productor, editor, distribuidor, fabricante |
[nom de l'editor no identificat], |
| Fecha de producción, publicación, distribución, fabricación o copyright |
[1765] |
| 300 ## - DESCRIPCIÓN FÍSICA |
| Extensión |
[2], 33-75, [1] pàgines ; |
| Dimensiones |
8º (14 cm) |
| 336 ## - TIPO DE CONTENIDO |
| Término de tipo de contenido |
text |
| Código de tipo de contenido |
txt |
| Fuente |
rdacontent |
| 337 ## - TIPO DE MEDIO |
| Nombre/término del tipo de medio |
sense mediació |
| Código del tipo de medio |
n |
| Fuente |
rdamedia |
| 338 ## - TIPO DE SOPORTE |
| Nombre/término del tipo de soporte |
volum |
| Código del tipo de soporte |
nc |
| Fuente |
rdacarrier |
| 500 ## - NOTA GENERAL |
| Nota general |
El títol és d'una part d'una obra sense identificar |
| 500 ## - NOTA GENERAL |
| Nota general |
Entre el final del títol y la menció de responsabilitat:"Sic teneros animos aliena opprobia sape absterrent vitiis. Horat. lib. I satyr. 4." |
| 500 ## - NOTA GENERAL |
| Nota general |
La comèdia acaba a la pàgina 67. A continuació de la pàgina 68 a la 75 s'inclou una tonadilla titulada:'Tonadilla en el orden, y gusto de la egloga'. |
| 500 ## - NOTA GENERAL |
| Nota general |
Verso de la pàgina de la secció del títol en blanc. Verso de la pàgina 75 en blanc |
| 500 ## - NOTA GENERAL |
| Nota general |
Data obtinguda del llom de l'enquadernació on està relligada aquesta obra juntament amb altres del mateix autor |
| 500 ## - NOTA GENERAL |
| Nota general |
Signatures: [1] C-D8, E6 |
| 500 ## - NOTA GENERAL |
| Nota general |
Extracte d'una obra sense identificar |
| 530 ## - NOTA DISPONIBLE DE FORMULARIO FÍSICO ADICIONAL |
| Nota de formato físico adicional disponible |
Reproducció digital disponible a Biblioescènic |
| 593 ## - Camps col·lecció exemplar |
| Signatura topogràfica i/o núm. de registre |
VIT-086/02 |
| Notes |
Enquadernació holandesa en color grana, talls acolorits. Exemplar guillotinat. Taques d'òxid. Etiqueta d'antic topogràfic Vitrina A Estante 2 en full de guarda volant anterior. Relligat en volum factici, títol al llom: Entremeses / Nipho / 1765<br/> |
| Història de l’exemplar. Procedència |
Ex-libris de la Colección teatral Arturo Sedó a la contracoberta anterior. Segell de la Colección teatral Arturo Sedó a portada. Procedència: Col·lecció Joaquín Montaner. Llistat manuscrit al full de guarda anterior de les obres que conté el volum<br/> |
| Digitalització |
Exemplar digitalitzat per Crossland, 2022<br/> |
| Nom de la col·lecció especial |
Artur Sedó<br/> |
| 650 #4 - PUNTO DE ACCESO ADICIONAL DE MATERIA--TÉRMINO DE MATERIA |
| Término de materia o nombre geográfico como elemento de entrada |
Sainets castellans |
| Subdivisión cronológica |
S. XVIII |
| Subdivisión general |
Textos dramàtics |
| 9 (RLIN) |
158732 |
| 650 #7 - PUNTO DE ACCESO ADICIONAL DE MATERIA--TÉRMINO DE MATERIA |
| Término de materia o nombre geográfico como elemento de entrada |
Tonadillas |
| Subdivisión general |
Llibrets |
| 9 (RLIN) |
57988 |
| 700 1# - ENTRADA AGREGADA--NOMBRE PERSONAL |
| Información de relación/Frase instructiva de referencia |
Contenidor de (obra) : |
| Nombre de persona |
Nifo y Cagigal, Francisco Mariano, |
| Fechas asociadas al nombre |
1719-1803 . |
| Título de la obra |
Tonadilla en el orden, y gusto de la egloga |
| 9 (RLIN) |
169199 |
| 730 0# - ENTRADA AGREGADA--TÍTULO UNIFORME |
| Título uniforme |
Col·lecció digital Biblioescènic del MAE |
| 9 (RLIN) |
69172 |
| 856 41 - LOCALIZACIÓN Y ACCESO ELECTRÓNICOS |
| Nota pública |
Accés lliure (Biblioescènic) |
| Identificador Uniforme del Recurso |
<a href="https://books.cdmae.cat/visorpdf/?recurs=SV0086-02">https://books.cdmae.cat/visorpdf/?recurs=SV0086-02</a> |
| 856 42 - LOCALIZACIÓN Y ACCESO ELECTRÓNICOS |
| Nota pública |
Fitxa del catàleg manual |
| Identificador Uniforme del Recurso |
<a href="http://www.cdmae.cat/sedo/imgtitulos/037/P0001481.gif">http://www.cdmae.cat/sedo/imgtitulos/037/P0001481.gif</a> |
| 902 ## - ELEMENTOS DE DATOS B LOCAL, LDB (RLIN) |
| a |
Patrimoni |
| 902 ## - ELEMENTOS DE DATOS B LOCAL, LDB (RLIN) |
| a |
Fons antic |
| 908 ## - COLOCAR PARÁMETRO DE COMANDO (RLIN) |
| Colocar parámetro de comando |
CDMAE |
| 940 ## - EQUIVALENCIA O REFERENCIA-CRUZADA--TÍTULO UNIFORME [OBSOLETO] [solamente CAN/MARC] |
| Título uniforme |
<a href="CDMAE">CDMAE</a> |
| 942 ## - ELEMENTOS DE ENTRADA AGREGADA (KOHA) |
| Fuente del sistema de clasificación o colocación |
Clasificación decimal universal |
| Tipo de ítem Koha |
Digital |